• 首页
  • 本馆介绍
  • 公告通知
  • 最新文献
  • 馆藏检索
  • 电子资源
  • 读者导购
  • 参考咨询
  • 我的图书馆
  • 登录
  • 详细信息显示
  • 放入我的书架
  • 预约/预借图书
  • 作者相关作品
  • 分类相关作品
  • 丛书相关作品
  • 出版社相关作品

书目信息

  • 表格格式
  • 工作单格式
  • 卡片格式
题名:
课程与教师
    
 
作者: 佐藤学 著 ;钟启泉 译
分册:  
出版信息: 北京   教育科学出版社  2006
页数: 399页
开本: 24cm
丛书名: 世界课程与教学新理论文库
单 册:
中图分类: G451 , G423.04
科图分类:
主题词: 课程--研究 , 教师--研究
电子资源:
ISBN: 7-5041-2467-2
000 01240nam0 2200325 450
000 01268nam0 2200325 450
000 01198nam0 2200301 450
000 01162oam2 2200289 45
005 20070727100117.46
010    @a7-5041-2467-2@dCNY42.00
100    @a20070706d2006 em y0chiy0120 ea
101 1  @achi@cjpn
102    @aCN@b110000
105    @ay z 000yy
200 1  @a课程与教师@AKe Cheng Yu Jiao Shi@f(日)佐藤学著@F( Ri ) Zuo Teng Xue Zhu@g钟启泉译
210    @a北京@c教育科学出版社@d2006
215    @a399页@c照片@d24cm
225 2  @a世界课程与教学新理论文库
300    @a“十五”国家重点图书出版规划项目国家教育部普通高等学校人文社会科学重点研究基地华东师范大学课程与教学研究所研究项目
330    @a本书作者从质性研究与阐释学的视角,诠释了日本学校教育的发展问题与课题;提供了重建“课程”概念、重建“教师”概念的思路,也提示了作为“学习共同体”的未来学校发展的构图。
410  0 @12001 @a世界课程与教学新理论文库
510 1  @aCurriculum and Teachers@zeng
606 0  @a课程@x研究
606 0  @a教师@x研究
690    @aG451@v4
690    @aG423.04@v4
701  0 @c(日)@a佐藤学@AZuo Teng Xue@4著
702  0 @a钟启泉@AZhong Qi Quan@c(教授)@4译
801  0 @aCN@bTAOJIN@c20070727
905    @a10447@dG423.04@e190
    
    课程与教师/(日)佐藤学著/钟启泉译.-北京:教育科学出版社,2006
    399页:照片;24cm.-(世界课程与教学新理论文库)
    “十五”国家重点图书出版规划项目国家教育部普通高等学校人文社会科学重点研究基地华东师范大学课程与教学研究所研究项目
    
    ISBN 7-5041-2467-2:CNY42.00
    本书作者从质性研究与阐释学的视角,诠释了日本学校教育的发展问题与课题;提供了重建“课程”概念、重建“教师”概念的思路,也提示了作为“学习共同体”的未来学校发展的构图。
●
相关链接 在E读中查询图书 在五车中查询图书 在当当中查询图书 在豆瓣中查询图书


正题名:课程与教师     索取号:G423.04/190         预约/预借

序号 登录号 条形码 馆藏地/架位号 状态 备注
1 0820525   208205253   第一样本阅览室/ [索取号:G423.04/190] 在馆    
2 0820526   208205262   第四借阅区/ [索取号:G423.04/190] 在馆    
3 0820527   208205271   第四借阅区/ [索取号:G423.04/190] 在馆    
4 0820528   208205280   第四借阅区/ [索取号:G423.04/190] 在馆    
5 0820529   208205299   第四借阅区/ [索取号:G423.04/190] 已借出,限还日期为2008.09.29
借出人:常秀芹  
 
唐山师范学院图书馆 欢迎您!
大连网信软件有限公司© 版权所有